Monadología / (Record no. 45543)
[ view plain ]
| 000 -LEADER | |
|---|---|
| fixed length control field | 00719nam a22002177a 4500 |
| 005 - DATE AND TIME OF LATEST TRANSACTION | |
| control field | 20150124125612.0 |
| 008 - FIXED-LENGTH DATA ELEMENTS--GENERAL INFORMATION | |
| fixed length control field | 131121t ag||||| |||| 00| 0 esp d |
| 020 ## - INTERNATIONAL STANDARD BOOK NUMBER | |
| International Standard Book Number | 8403520379 |
| 050 04 - LIBRARY OF CONGRESS CALL NUMBER | |
| Classification number | B 2580 |
| Item number | L45 1964 |
| 100 1# - MAIN ENTRY--PERSONAL NAME | |
| Personal name | Leibniz, Gottfried Wilhelm |
| 245 10 - TITLE STATEMENT | |
| Title | Monadología / |
| Statement of responsibility, etc | Gottfried Wilhelm Leibniz |
| 250 ## - EDITION STATEMENT | |
| Edition statement | Tercera Edición: 1964 |
| 260 ## - PUBLICATION, DISTRIBUTION, ETC. (IMPRINT) | |
| Place of publication, distribution, etc | Buenos Aires, Argentina : |
| Name of publisher, distributor, etc | Aguilar, |
| Date of publication, distribution, etc | 1964. |
| 300 ## - PHYSICAL DESCRIPTION | |
| Extent | 61 paginas, |
| Dimensions | 15 X 12 centimetros, |
| 490 ## - SERIES STATEMENT | |
| Series statement | Iniciación Filosófica |
| 504 ## - BIBLIOGRAPHY, ETC. NOTE | |
| Bibliography, etc | Incluye: Indice |
| 600 ## - SUBJECT ADDED ENTRY--PERSONAL NAME | |
| Personal name | Leibniz, Gottfried Wilhelm |
| Dates associated with a name | 1646-1716 |
| 650 #7 - SUBJECT ADDED ENTRY--TOPICAL TERM | |
| Source of heading or term | Lemb |
| Topical term or geographic name as entry element | Filosofía |
| General subdivision | Biografía |
| 700 1# - ADDED ENTRY--PERSONAL NAME | |
| Personal name | Leibniz, Gottfried Wilhelm |
| Relator term | Traducción: Manuel Fuentes Benot |
| 942 ## - ADDED ENTRY ELEMENTS (KOHA) | |
| Source of classification or shelving scheme | Clasificación Decimal Dewey |
| Koha item type | Libro |
| Estado de pérdida | Fuente de clasificación | Estado del daño | No para préstamo | Ubicación permanente | Ubicación actual | Apartado o colección | Fecha de adquisición | Área del conocimiento | Total Checkouts | Clasificación | Código de Barras | Date last seen | Date checked out | Número de copia | Tipo de recurso | Fuente de adquisición | Edición | Dependencia de educación superior (DES) |
|---|---|---|---|---|---|---|---|---|---|---|---|---|---|---|---|---|---|---|
| Biblioteca del Cogreso de los Estados Unidos | Biblioteca de la Facultad de Filosofía | Biblioteca de la Facultad de Filosofía | General | 21/11/2013 | 1 | B 2580 L45 1964 | BFF000003152 | 06/12/2022 | 30/11/2022 | C: 1 | Libro | |||||||
| Biblioteca del Cogreso de los Estados Unidos | Biblioteca de la Facultad de Filosofía | Biblioteca de la Facultad de Filosofía | General | 21/11/2013 | B 2580 L45 1980 | BFF000003153 | 16/01/2015 | C: 2 | Libro | |||||||||
| Biblioteca del Cogreso de los Estados Unidos | Biblioteca de la Facultad de Filosofía | Biblioteca de la Facultad de Filosofía | General | 23/08/2018 | Educación y Humanidades | 1 | B2580 L45 1972 | BFF000030545 | 16/03/2023 | 09/03/2023 | C:3 | Libro | Donación | 5a ed. | Humanidades |